Estadísticas para Rosco de Pasapalabra #84

Haz click aquí para intentar la prueba.

Estadísticas generales

  • Esta prueba ha sido intentada 76 veces
  • La puntuación promedio es 12 de 25

Estadísticas de respuestas

InicialDefiniciónRespuesta% Correcto
IDecir a alguien que asista a una fiesta, espectáculo o comidaInvitar
92%
CUtensilio que sirve para ayudar a meter el pie en el zapatoCalzador
88%
NPlaneta del sistema solar que es el octavo en orden de distancia al solNeptuno
85%
GRefresco hecho con zumo de granadaGranadina
83%
Contiene la ÑMovimiento rápido y repetido de los párpadosPestañeo
80%
RVoz del leónRugido
78%
HRoedor de pequeño tamaño, semejante al ratón, que se emplea como animal de laboratorio y de compañíaHámster
71%
MReunión pública, generalmente al aire libre, en la cual los asistentes reclaman algo o expresan su protesta por algoManifestación
71%
TNúmero cardinas equivalente a diez más tresTrece
69%
BVarilla en que se ensartan pedazos de carne u otro alimento para asarlosBrocheta
68%
AResina fósil, de color amarillo, opaca o semitransparente, que se emplea en objetos de adornoÁmbar
59%
Contiene la QDocumento que pone fin a la relación laboral entre una empresa y un trabajadorFiniquito
58%
FEstructura sólida empleada para inmovilizar una parte del cuerpo en caso de fractura o luxaciónFérula
47%
LMayor dimensión lineal de una superficie planaLongitud
47%
Contiene la XGrado de efectividad de una sustancia tóxicaToxicidad
46%
UHerida producida por una uña que crece indebidamente y se introduce en la carne que la rodeaUñero
44%
PApuesta entre un grupo de personas en que el acertante se lleva todo el dinero apostado por los participantesPorra
39%
OSe dice de lo que tiene carácter formal o está reconocido por quien tiene autoridad para elloOficial
27%
ZEn varios países de América, cremalleraZíper
20%
DDescontar las cantidades que se pueden deducir del importe de un impuestoDesgravar
19%
VVehículo formado por una especie de caballete con dos o tres ruedas movidas por medio de pedalesVelocípedo
12%
ENombre del planeta enano del sistema solar que fue descubierto en 2005 y recibió el apodo de XenaEris
8%
SÁrbol moráceo de Egipto, de madera incorruptible, que usaban los antiguos egipcios para las cajas de momiasSicomoro
7%
Contiene la YApellido del cineasta que dirigió la película "Ni el mar ni la arena"Burnley
5%
JRegistro en que se hacía constar el juramento prestado por los magistrados de AragónJuratorio
3%

Distribución de puntuación

Porcentaje por número respondido

Porcentaje de gente con cada puntuación

Historial de tus puntuaciones

No has intentado esta prueba.